|
|
|
|
| LEADER |
01439nam a2200385 a 4500 |
| 001 |
EBC491591 |
| 003 |
MiAaPQ |
| 005 |
20200520144314.0 |
| 006 |
m o d | |
| 007 |
cr cn||||||||| |
| 008 |
020601s2003 ctu sb 001 0 eng d |
| 010 |
|
|
|z 2002072825
|
| 020 |
|
|
|z 0275977382 (alk. paper)
|
| 020 |
|
|
|z 9780275977382
|
| 020 |
|
|
|a 9780313071928 (electronic bk.)
|
| 035 |
|
|
|a (MiAaPQ)EBC491591
|
| 035 |
|
|
|a (Au-PeEL)EBL491591
|
| 035 |
|
|
|a (CaPaEBR)ebr10369964
|
| 035 |
|
|
|a (CaONFJC)MIL242712
|
| 035 |
|
|
|a (OCoLC)652409533
|
| 040 |
|
|
|a MiAaPQ
|c MiAaPQ
|d MiAaPQ
|
| 043 |
|
|
|a s-bl---
|
| 050 |
|
4 |
|a HD8284
|b .A44 2003
|
| 082 |
0 |
4 |
|a 331.8/0981
|2 21
|
| 100 |
1 |
|
|a Alexander, Robert J.
|q (Robert Jackson),
|d 1918-2010.
|
| 245 |
1 |
2 |
|a A history of organized labor in Brazil
|h [electronic resource] /
|c Robert J. Alexander, with the collaboration of Eldon M. Parker.
|
| 260 |
|
|
|a Westport, Conn. :
|b Praeger,
|c c2003.
|
| 300 |
|
|
|a xii, 231 p.
|
| 504 |
|
|
|a Includes bibliographical references (p. [203]-215) and index.
|
| 533 |
|
|
|a Electronic reproduction. Ann Arbor, MI : ProQuest, 2015. Available via World Wide Web. Access may be limited to ProQuest affiliated libraries.
|
| 650 |
|
0 |
|a Labor movement
|z Brazil
|x History.
|
| 655 |
|
4 |
|a Electronic books.
|
| 700 |
1 |
|
|a Parker, Eldon M.
|
| 710 |
2 |
|
|a ProQuest (Firm)
|
| 856 |
4 |
0 |
|u https://ebookcentral.proquest.com/lib/matrademy/detail.action?docID=491591
|z Click to View
|